| 000 | 00505nam a2200181Ia 4500 | ||
|---|---|---|---|
| 008 | 230524s9999 xx 000 0 und d | ||
| 020 | _a8174463151 | ||
| 082 |
_a658.12 _bRAO |
||
| 100 | _aT V Rao | ||
| 245 | 0 | _a360 Degree Feedback and Performance Management System : Volume 2 | |
| 250 | _a2ND | ||
| 260 |
_aNEW DELHI _bExcel _c2008 |
||
| 300 | _aVII;258 | ||
| 500 | _aQuantity Number: 3 | ||
| 650 | _aManagement | ||
| 700 | _a" Raju Rao, Gopal Mahapatra,Nandini Chawla (Editors),," | ||
| 942 | _cBK | ||
| 999 |
_c45988 _d45988 |
||